Slovenia Squad Euro 2024 - Statistics

General Stats
  • This quiz has been taken 56 times
    49 since last reset
  • The average score is 9 of 26
Answer Stats
Club Position Answer % Correct
Atletico Madrid GK Jan Oblak
100%
RB Leipzig FW Benjamin Sesko
93%
Gornik Zabrze DF Erik Janza
67%
Panathinaikos FW Andraz Sporar
57%
Udinese DF Jaka Bijol
48%
Panathinaikos MF Adam Gnezda-Cerin
43%
Udinese MF Sandi Lovric
41%
Olimpija Ljubljana MF Timi Max Elsnik
41%
Celje DF Zan Karnicnik
41%
Lech Poznan DF Miha Blazic
37%
Sturm Graz MF Jon Gorenc Stankovic
35%
APOEL GK Vid Belec
35%
Maribor FW Josip Ilicic
33%
Sampdoria DF Petar Stojanovic
30%
Panathinaikos MF Benjamin Verbic
28%
Pisa FW Jan Mlakar
28%
Sochi DF Vanja Drkusic
28%
Orlando City DF David Brekalo
24%
Alanyaspor DF Jure Balkovec
24%
Sudtirol MF Jasmin Kurtic
22%
Lugano FW Zan Celar
20%
Sturm Graz MF Tomi Horvat
17%
Bordeaux FW Zan Vipotnik
17%
Vejle GK Igor Vekic
13%
Bodo/Glimt MF Nino Zugelj
11%
Spartak Trnava MF Adrian Zeljkovic
9%
No matching quizzes found
Score Distribution
Percent of People with Each Score
Percentile by Number Answered
Your Score History
You have not taken this quiz since the last reset